| 000 | 00412nam a2200133Ia 4500 | ||
|---|---|---|---|
| 008 | 170221s9999 xx 000 0 und d | ||
| 100 | _aMonica Guo-Sze Tan | ||
| 245 | _aExplaining Pension Fund Product and Governance Disclosure in Australia | ||
| 245 | _cMonica Guo-Sze Tan and Marie-Anne Cam | ||
| 260 | _c2012 | ||
| 300 | _a32 : 19 | ||
| 650 | _xBusiness | ||
| 856 | _uhttp://ro.uow.edu.au/aabfj/vol7/iss3/4/ | ||
| 999 |
_c311417 _d311417 |
||